| 000 | 00422nam a2200169 a 4500 | ||
|---|---|---|---|
| 005 | 20140310183506.0 | ||
| 008 | 100918s19uu xx 00 eng d | ||
| 020 | _a038078503x | ||
| 050 |
_aPZ 7 _b.K58 1997 |
||
| 100 | _aKirby, Susan | ||
| 245 |
_aPrairie Rose / _cSusan Kirby. |
||
| 260 |
_aNew York : _bAvon Books, _c1997. |
||
| 300 |
_a357 p. : _c18 cm. |
||
| 650 | _aFiction | ||
| 942 |
_cBK _2lcc |
||
| 999 |
_c24062 _d24062 |
||